| 000 | 00392nam a2200145 a 4500 | ||
|---|---|---|---|
| 005 | 20140414093838.0 | ||
| 008 | 030923s19uu xx 00 eng d | ||
| 050 |
_aVHS 540 _bOR 01 |
||
| 100 | _aStandard Deviants Academic Team | ||
| 245 |
_aChemistry. Part 1. / _cDavid Rowley. |
||
| 500 | _aLibrary has no copy for Part II. | ||
| 700 | _aRowley, David | ||
| 942 | _cAVM | ||
| 999 |
_c109121 _d109121 |
||